Fundamentos de Derecho ambiental.
Guardat en:
| Autor principal: | |
|---|---|
| Format: | Llibre |
| Idioma: | espanyol |
| Publicat: |
Valparaíso, Chile
Universitarias de Valparaíso
2007
|
| Matèries: | |
| Etiquetes: |
Afegir etiqueta
Sense etiquetes, Sigues el primer a etiquetar aquest registre!
|
MARC
| LEADER | 00000nam a2200000 a 4500 | ||
|---|---|---|---|
| 001 | UCI3929 | ||
| 003 | CL-VaPUC | ||
| 005 | 20230728101437.0 | ||
| 008 | 071207e20070000CL |||||||||||||||||spa|d | ||
| 999 | |c 327960 |d 327958 | ||
| 020 | |a 9789561704121 | ||
| 040 | |c Pontificia Universidad Católica de Valparaíso | ||
| 082 | 0 | 4 | |a 344.046 BER 2007 |2 21 |
| 100 | |a Bermúdez Soto, Jorge Andrés |e author |9 590077 | ||
| 245 | 1 | 0 | |a Fundamentos de Derecho ambiental. |
| 260 | 0 | 3 | |a Valparaíso, Chile |b Universitarias de Valparaíso |c 2007 |
| 300 | |a 285 páginas | ||
| 583 | |a last modification |c 20150415 09:33:18 |k Rodrigo Vera | ||
| 650 | 0 | |a Derecho ambiental |9 257835 | |
| 650 | 0 | |a Protección del medio ambiente |9 257626 | |
| 650 | 0 | |a Medio ambiente |9 257625 | |
| 650 | 0 | |a Derecho y legislación |9 255077 | |
| 650 | 0 | |a Archivo histórico PUCV |9 255554 | |
| 650 | 0 | |a Académicos |x Pontificia Universidad Católica de Valparaíso (PUCV) |9 255553 | |
| 942 | |c BK |2 ddc | ||
| 945 | |d 20071207 00:00:00 |a jtorresc | ||
| 952 | |0 0 |1 0 |2 ddc |4 0 |6 344_046000000000000_BER_2007 |7 0 |8 A |9 411532 |a BIBDER |b BIBDER |d 2019-11-22 |i 4393937 |l 2 |o 344.046 BER 2007 |p 4393937 |r 2024-06-17 |s 2024-06-06 |t 2 |w 2019-11-22 |y BK |k DER | ||
| 952 | |0 0 |1 0 |2 ddc |4 0 |6 344_046000000000000_BER_2007 |7 0 |8 A |9 411533 |a BIBDER |b BIBDER |d 2019-11-22 |i 4393945 |l 1 |o 344.046 BER 2007 |p 4393945 |r 2023-01-25 |s 2022-06-28 |t 3 |w 2019-11-22 |y BK |k DER | ||
| 952 | |0 0 |1 0 |2 ddc |4 0 |6 344_046000000000000_BER_2007 |7 0 |8 A |9 411534 |a BIBDER |b BIBDER |d 2019-11-22 |i 4393953 |l 2 |o 344.046 BER 2007 |p 4393953 |r 2023-01-25 |s 2021-10-22 |t 4 |w 2019-11-22 |y BK |k DER | ||
| 952 | |0 0 |1 0 |2 ddc |4 0 |6 344_046000000000000_BER_2007 |7 0 |8 A |9 411535 |a BIBDER |b BIBDER |d 2019-11-22 |i 4452240 |o 344.046 BER 2007 |p 4452240 |r 2023-01-25 |t 8 |w 2019-11-22 |y BK |k DER | ||
| 952 | |0 0 |1 0 |2 ddc |4 0 |6 344_046000000000000_BER_2007 |7 0 |8 A |9 411536 |a BIBDER |b BIBDER |d 2019-11-22 |i 4452259 |o 344.046 BER 2007 |p 4452259 |r 2023-01-25 |t 9 |w 2019-11-22 |y BK |k DER | ||
| 952 | |0 0 |1 0 |2 ddc |4 0 |6 344_046000000000000_BER_2007 |7 0 |8 A |9 411537 |a BIBDER |b BIBDER |d 2019-11-22 |i 4452267 |o 344.046 BER 2007 |p 4452267 |r 2023-01-25 |t 10 |w 2019-11-22 |y BK |k DER | ||
| 952 | |0 0 |1 0 |2 ddc |4 0 |6 344_046000000000000_BER_2007 |7 1 |8 C_LRYV |9 411538 |a BIBDER |b BIBDER |d 2019-11-22 |i 4393929 |o 344.046 BER 2007 |p 4393929 |r 2023-01-25 |t 1 |w 2019-11-22 |y BK_X |k BRV | ||
| 952 | |0 0 |1 0 |2 ddc |4 0 |6 344_046000000000000_BER_2007 |7 0 |8 A |9 411539 |a BIBING |b BIBING |d 2019-11-22 |i 4424247 |o 344.046 BER 2007 |p 4424247 |r 2025-01-20 |t 5 |w 2019-11-22 |y BK |k GEO | ||
| 952 | |0 0 |1 0 |2 ddc |4 0 |6 344_046000000000000_BER_2007 |7 0 |8 A |9 411540 |a BIBAGR |b BIBAGR |d 2019-11-22 |i 444972K |o 344.046 BER 2007 |p 444972K |r 2025-01-20 |t 6 |w 2019-11-22 |y BK |k AGR | ||
| 952 | |0 0 |1 0 |2 ddc |4 0 |6 344_046000000000000_BER_2007 |7 0 |8 A |9 411541 |a BIBAGR |b BIBAGR |d 2019-11-22 |i 4449738 |o 344.046 BER 2007 |p 4449738 |r 2025-01-20 |t 7 |w 2019-11-22 |y BK |k AGR | ||
| 952 | |0 0 |1 0 |2 ddc |4 0 |6 344_046000000000000_BER_2007 |7 0 |8 X |9 411542 |a FDOBUD |b FDOBUD |d 2019-11-22 |i 4546067 |o 344.046 BER 2007 |p 4546067 |r 2019-11-22 |t 11 |w 2019-11-22 |y BK_X |k FHP | ||